LEADER 00896nam0-22003251i-450- 001 990003216460403321 035 $a000321646 035 $aFED01000321646 035 $a(Aleph)000321646FED01 035 $a000321646 100 $a20000920d1971----km-y0itay50------ba 101 0 $aita 102 $aIT 200 1 $a<>tempo vissuto$eFenomenologia e psicopatologia$fEugène Minkowski$gPrefazione di Enzo Paci. 210 $aTorino$cEinaudi$d\c\\1971. 215 $aXX, 441 p.$d21 cm 225 1 $aEinaudi paperbacks$v22 300 $a[Tit. orig.: Le temps vécu] 676 $a12110 676 $a12210 676 $a12320 702 1$aMinkowski,$bEugène$f<1885-1972> 801 0$aIT$bUNINA$gRICA$2UNIMARC 901 $aBK 912 $a990003216460403321 952 $a12110 MIN$b3045/I$fSES 959 $aSES 996 $aTempo vissuto$9455425 997 $aUNINA DB $aING01 LEADER 01262nam a2200349 i 4500 001 991000825929707536 005 20020507174058.0 008 940310s1990 us ||| | eng 020 $a0132150700 035 $ab10762528-39ule_inst 035 $aLE01302892$9ExL 040 $aDip.to Matematica$beng 082 0 $a629.895 084 $aAMS 68M99 084 $aCR C.3 100 1 $aPhillips, Charles L.$0288690 245 10$aDigital control system analysis and design /$cCharles L. Phillips, H. Troy Nagle 250 $a2nd ed 260 $aEnglewood Cliffs, N.J. :$bPrentice Hall,$cc1990 300 $axviii, 631 p. :$bill. ;$c25 cm 500 $a1st ed. 1984 500 $aIncludes bibliographies and index 650 4$aDigital control systems 650 4$aDigital electric filters 650 4$aMicroprocessors 700 1 $aNagle, H. Troy$eauthor$4http://id.loc.gov/vocabulary/relators/aut$0288691 907 $a.b10762528$b21-09-06$c28-06-02 912 $a991000825929707536 945 $aLE013 68M PHI11 (1990)$g1$i2013000289038$lle013$o-$pE0.00$q-$rl$s- $t0$u1$v0$w1$x0$y.i10857953$z28-06-02 996 $aDigital control system analysis and design$9333991 997 $aUNISALENTO 998 $ale013$b01-01-94$cm$da $e-$feng$gus $h0$i1